Entry Personal Name
Number of records used in: 1
001 - CONTROL NUMBER
003 - CONTROL NUMBER IDENTIFIER
005 - DATE AND TIME OF LATEST TRANSACTION
- control field:
20221031140327.0
008 - FIXED-LENGTH DATA ELEMENTS
- fixed length control field:
071106n| acannaabn |n aaa c
010 ## - LIBRARY OF CONGRESS CONTROL NUMBER
- LC control number:
no2007135961
035 ## - SYSTEM CONTROL NUMBER
- System control number:
(OCoLC)oca07576422
040 ## - CATALOGING SOURCE
- Original cataloging agency:
FTaSU
- Language of cataloging:
eng
- Transcribing agency:
FTaSU
- Modifying agency:
UUML
100 1# - HEADING--PERSONAL NAME
- Personal name:
Mika, Peter,
- Dates associated with a name:
1978-
670 ## - SOURCE DATA FOUND
- Source citation:
Social networks and the Semantic Web, c2007:
- Information found:
t.p. (Peter Mika)
670 ## - SOURCE DATA FOUND
- Source citation:
OCLC Nov. 8, 2007:
- Information found:
(hdg.:Mika, Peter, 1978-)
670 ## - SOURCE DATA FOUND
- Source citation:
E-mail from author, Oct. 29, 2007
- Information found:
(born October 5, 1978)